Take Away One Letter, Add One Letter Quiz Stats

 Plays Quiz not verified by Sporcle

Challenge
Share
Tweet
Embed
Score 0/18 Timer 02:00
0 Plays Today
Hint Answer % Correct
????
100%
????
94.7%
????
88.8%
????
65.1%
????
62.5%
????
47.4%
????
46.1%
????
30.3%
????
30.3%
Hint Answer % Correct
????
24.3%
????
22.4%
????
22.4%
????
21.7%
????
16.4%
????
14.5%
????
11.2%
????
7.9%
????
5.9%

You're not logged in!

Compare scores with friends on all Sporcle quizzes.
OR
Log In

You Might Also Like...

Show Comments

Extras

Created Aug 30, 2010ReportNominate

Top Quizzes Today


Score Distribution

Your Account Isn't Verified!

In order to create a playlist on Sporcle, you need to verify the email address you used during registration. Go to your Sporcle Settings to finish the process.

Report this User

Report this user for behavior that violates our Community Guidelines.

Details: